000 00825nam a22002777a 4500
001 0173
003 DO-SdBNP
005 20230831091132.0
007 0173
008 151005b1989 sp 00| 0 spa d
020 _a8477224064
020 _a8477224056
040 _aBPMSU
_bspa
_cBPMSU
082 4 _a813.5
_bN696p 1989
_222
100 1 _aNiles, Douglas
_4
245 1 3 _aEl pozo de las tinieblas /
_cDouglas Niles ; traducción José Ferrer Aleu
260 _aBarcelona :
_bTimun más,
_c1989.
300 _a437 p ;
_c20cm.
490 0 _aMoonshaes;
_aReinos olvidados.
_v1
534 _a Título original :
_tDarkwalker on moonshae
590 _aInventariado, 2023/VM
650 4 _aNovela fantástica estadounidense
700 1 _aFerrer Aleu, José
_etrad.
910 _a VMateo V. Control de calidad. BPMSU
942 _2ddc
_cBK
999 _c9251
_d9251